| 000 | 00623nam a2200229Ia 4500 | ||
|---|---|---|---|
| 008 | 160216s9999 xx 000 0 und d | ||
| 020 | _a0-7619-4238-6 | ||
| 050 | _aMAIN LC 3986 | ||
| 050 | _b.G7F37 2004 | ||
| 100 | _aFarrell, Michael | ||
| 245 | _aSpecial education needs : | ||
| 245 | _ba resource for practitioners / | ||
| 245 | _cMichael Farrell. | ||
| 260 | _aLondon : | ||
| 260 | _bPaul Chapman Publishing. | ||
| 260 | _c2004 | ||
| 300 | _a160 pages : | ||
| 300 | _c24 cm. | ||
| 500 | _aIncludes bibliographical references and index. | ||
| 650 | _aSpecial education -- | ||
| 650 | _xGreat Britain. | ||
| 999 |
_c290864 _d290864 |
||